<?xml version="1.0" encoding="UTF-8"?>
<record
    xmlns:xsi="http://www.w3.org/2001/XMLSchema-instance"
    xsi:schemaLocation="http://www.loc.gov/MARC21/slim http://www.loc.gov/standards/marcxml/schema/MARC21slim.xsd"
    xmlns="http://www.loc.gov/MARC21/slim">

  <leader>02669nam a2200373 i 4500</leader>
  <controlfield tag="001">000028704</controlfield>
  <controlfield tag="003">DO-SdBNP</controlfield>
  <controlfield tag="005">20240409073642.0</controlfield>
  <controlfield tag="007">ta</controlfield>
  <controlfield tag="008">101007t1987    dr acd        001 0 spa d</controlfield>
  <datafield tag="040" ind1=" " ind2=" ">
    <subfield code="a">DO-SdBNP</subfield>
    <subfield code="b">spa</subfield>
    <subfield code="c">BNPHU</subfield>
    <subfield code="e">rda</subfield>
  </datafield>
  <datafield tag="082" ind1=" " ind2="4">
    <subfield code="a">972.93053</subfield>
    <subfield code="b">C794a 1987</subfield>
    <subfield code="2">22</subfield>
  </datafield>
  <datafield tag="100" ind1="1" ind2=" ">
    <subfield code="a">Cordero Michel, Jos&#xE9; R.,   </subfield>
    <subfield code="d">1931-1959</subfield>
    <subfield code="9">46170</subfield>
  </datafield>
  <datafield tag="245" ind1="1" ind2="0">
    <subfield code="a">An&#xE1;lisis de la Era de Trujillo :</subfield>
    <subfield code="b">informe sobre la Rep&#xFA;blica Dominicana, 1959 /</subfield>
    <subfield code="c">Jos&#xE9; R. Cordero Michel ; pr&#xF3;logo de Jos&#xE9; Espaillat.</subfield>
  </datafield>
  <datafield tag="250" ind1=" " ind2=" ">
    <subfield code="a">5a. edici&#xF3;n</subfield>
  </datafield>
  <datafield tag="264" ind1=" " ind2="1">
    <subfield code="a">Santo Domingo :</subfield>
    <subfield code="b">Universitaria-UASD,</subfield>
    <subfield code="c">1987.</subfield>
  </datafield>
  <datafield tag="300" ind1=" " ind2=" ">
    <subfield code="a">109 p&#xE1;ginas :</subfield>
    <subfield code="b">ilustraciones y retratos ;</subfield>
    <subfield code="c">20 cm.</subfield>
  </datafield>
  <datafield tag="336" ind1=" " ind2=" ">
    <subfield code="2">rdacontent</subfield>
    <subfield code="a">texto</subfield>
    <subfield code="b">txt</subfield>
  </datafield>
  <datafield tag="337" ind1=" " ind2=" ">
    <subfield code="2">rdamedia</subfield>
    <subfield code="a">sin mediaci&#xF3;n</subfield>
    <subfield code="b">n</subfield>
  </datafield>
  <datafield tag="338" ind1=" " ind2=" ">
    <subfield code="2">rdacarrier</subfield>
    <subfield code="a">volumen</subfield>
    <subfield code="b">nc</subfield>
  </datafield>
  <datafield tag="490" ind1="1" ind2=" ">
    <subfield code="a">Publicaciones de la Universidad Aut&#xF3;noma de Santo Domingo</subfield>
    <subfield code="v">169</subfield>
  </datafield>
  <datafield tag="490" ind1="1" ind2=" ">
    <subfield code="a">Historia y sociedad</subfield>
    <subfield code="v">15</subfield>
  </datafield>
  <datafield tag="500" ind1=" " ind2=" ">
    <subfield code="a">Incluye referencias bibliogr&#xE1;ficas y notas al pie de las p&#xE1;ginas.</subfield>
  </datafield>
  <datafield tag="504" ind1=" " ind2=" ">
    <subfield code="a">Bibliograf&#xED;a : p. 105-109.</subfield>
  </datafield>
  <datafield tag="505" ind1="0" ind2=" ">
    <subfield code="a">Pr&#xF3;logo/</subfield>
    <subfield code="r">Jos&#xE9; Espaillat --</subfield>
    <subfield code="g">Situaci&#xF3;n Pol&#xED;tica :</subfield>
    <subfield code="t">Instituciones pol&#xED;ticas --</subfield>
    <subfield code="t">Bases econ&#xF3;micas y sociales del r&#xE9;gimen --</subfield>
    <subfield code="t">Algunos m&#xE9;todos y t&#xE9;cnicas de gobierno --</subfield>
    <subfield code="t">El terror y la vigilancia polic&#xED;aca --</subfield>
    <subfield code="t">La propaganda pol&#xED;tica --</subfield>
    <subfield code="t">Encuadramiento pol&#xED;tico --</subfield>
    <subfield code="t">Sindicatos --</subfield>
    <subfield code="t">Organizaciones juveniles --</subfield>
    <subfield code="t">Organizaciones religiosas --</subfield>
    <subfield code="t">Actualidad pol&#xED;tica y situaci&#xF3;n internacional --</subfield>
    <subfield code="g">Situaci&#xF3;n Econ&#xF3;mica :</subfield>
    <subfield code="t">La agricultura --</subfield>
    <subfield code="t">R&#xE9;gimen agrario --</subfield>
    <subfield code="t">Producci&#xF3;n agr&#xED;cola --</subfield>
    <subfield code="t">Capitalizaci&#xF3;n agr&#xED;cola --</subfield>
    <subfield code="t">Condici&#xF3;n del campesinado --</subfield>
    <subfield code="t">Industria y manufacturas --</subfield>
    <subfield code="t">El mercado nacional --</subfield>
    <subfield code="t">Formaci&#xF3;n de capital productivo --</subfield>
    <subfield code="t">Instituciones de desarrollo econ&#xF3;mico --</subfield>
    <subfield code="t">Condici&#xF3;n del proletariado --</subfield>
    <subfield code="t">Comercio exterior --</subfield>
    <subfield code="t">Finanzas del Estado --</subfield>
    <subfield code="t">Sistema Bancario --</subfield>
    <subfield code="g">Situaci&#xF3;n Cultural :</subfield>
    <subfield code="t">Estructura del sistema de ense&#xF1;anza --</subfield>
    <subfield code="t">Educaci&#xF3;n primaria --</subfield>
    <subfield code="t">Educaci&#xF3;n Secundaria --</subfield>
    <subfield code="t">Educaci&#xF3;n Superior --</subfield>
    <subfield code="t">Educaci&#xF3;n Vocacional --</subfield>
    <subfield code="t">Educaci&#xF3;n de maestros --</subfield>
    <subfield code="t">Educaci&#xF3;n Fundamental --</subfield>
    <subfield code="t">Orientaci&#xF3;n de la Ense&#xF1;anza --</subfield>
    <subfield code="t">La situaci&#xF3;n del intelectual.</subfield>
    <subfield code="g">Conclusiones --</subfield>
    <subfield code="g">Bibliograf&#xED;a.</subfield>
  </datafield>
  <datafield tag="590" ind1=" " ind2=" ">
    <subfield code="a">Inventariado, 2020/BT</subfield>
  </datafield>
  <datafield tag="650" ind1=" " ind2="4">
    <subfield code="a">Educaci&#xF3;n</subfield>
    <subfield code="z">Rep&#xFA;blica Dominicana</subfield>
    <subfield code="x">Historia</subfield>
    <subfield code="y">Era de Trujillo, 1930-1961</subfield>
    <subfield code="9">46171</subfield>
  </datafield>
  <datafield tag="651" ind1=" " ind2="4">
    <subfield code="a">Rep&#xFA;blica Dominicana</subfield>
    <subfield code="x">Pol&#xED;tica y gobierno</subfield>
    <subfield code="y">Era de Trujillo, 1930-1961</subfield>
    <subfield code="9">1374</subfield>
  </datafield>
  <datafield tag="700" ind1="1" ind2=" ">
    <subfield code="a">Espaillat, Jos&#xE9;,</subfield>
    <subfield code="e">pr&#xF3;logo</subfield>
    <subfield code="9">44951</subfield>
  </datafield>
  <datafield tag="710" ind1="1" ind2=" ">
    <subfield code="a">Universidad Aut&#xF3;noma de Santo Domingo</subfield>
    <subfield code="9">72951</subfield>
  </datafield>
  <datafield tag="830" ind1=" " ind2="0">
    <subfield code="a">Publicaciones de la Universidad Aut&#xF3;noma de Santo Domingo ;  169</subfield>
    <subfield code="p">Historia y sociedad ; 15</subfield>
    <subfield code="9">84962</subfield>
  </datafield>
  <datafield tag="910" ind1=" " ind2=" ">
    <subfield code="a">Validado. Control de calidad EMS.</subfield>
  </datafield>
  <datafield tag="942" ind1=" " ind2=" ">
    <subfield code="2">ddc</subfield>
    <subfield code="c">LBS1</subfield>
  </datafield>
  <datafield tag="952" ind1=" " ind2=" ">
    <subfield code="0">0</subfield>
    <subfield code="1">0</subfield>
    <subfield code="2">ddc</subfield>
    <subfield code="5">1</subfield>
    <subfield code="7">0</subfield>
    <subfield code="8">PD</subfield>
    <subfield code="a">BNPHU</subfield>
    <subfield code="b">BNPHU</subfield>
    <subfield code="c">HD</subfield>
    <subfield code="d">2011-04-11</subfield>
    <subfield code="e">Obsequio</subfield>
    <subfield code="o">BNPHU PD 972.93053 C794a 1987</subfield>
    <subfield code="p">28704-10</subfield>
    <subfield code="r">2020-06-25</subfield>
    <subfield code="w">2020-06-25</subfield>
    <subfield code="y">LBS1</subfield>
  </datafield>
  <datafield tag="952" ind1=" " ind2=" ">
    <subfield code="0">0</subfield>
    <subfield code="1">0</subfield>
    <subfield code="2">ddc</subfield>
    <subfield code="5">1</subfield>
    <subfield code="7">0</subfield>
    <subfield code="8">PD</subfield>
    <subfield code="a">BNPHU</subfield>
    <subfield code="b">BNPHU</subfield>
    <subfield code="c">HD</subfield>
    <subfield code="d">2014-12-01</subfield>
    <subfield code="e">Barbara Suncar</subfield>
    <subfield code="l">0</subfield>
    <subfield code="o">BNPHU PD 972.93053 C794a 1987</subfield>
    <subfield code="p">2024-0509</subfield>
    <subfield code="r">2024-01-31</subfield>
    <subfield code="t">e. 2</subfield>
    <subfield code="w">2020-06-25</subfield>
    <subfield code="y">LBS1</subfield>
    <subfield code="z">Perteneci&#xF3; a la biblioteca personal de B&#xE1;rbara Suncar</subfield>
  </datafield>
  <datafield tag="999" ind1=" " ind2=" ">
    <subfield code="c">28196</subfield>
    <subfield code="d">28196</subfield>
  </datafield>
</record>
